=LDR 00000nam 2200000 4500 =001 INLIS000000000036797 =005 20130612142549 =008 ***********************************Ind** =035 ##$$0010-061300000036797 =041 ##$$a Ind =082 ##$$a 363.28 =090 ##$$a 363.28, Cru i =100 ##$$a Crum, Dan =245 ##$$a Is the lying to you = mengungkap kebohongan pria ala mantan agen CIA, Dan Crum ; alih bahasa Yulius Erfan =260 ##$$a 2010 $b Jakarta =300 ##$$a 191 hlm, 21 cm =650 ##$$a Detektif =850 ##$$a NBPNMAT